Finančné zdroje podniku a špecifické faktory pôsobiace na finančnú a kapitálovú štruktúru bakalárska práca
Uložené v:
| Hlavný autor: | |
|---|---|
| Korporativný autor: | |
| Ďalší autori: | |
| Médium: | Kniha |
| Jazyk: | Slovak |
| Vydavateľské údaje: |
Bratislava
2014
|
| Tagy: |
Žiadne tagy, Buďte prvý, kto otaguje tento záznam!
|
MARC
| LEADER | 00000nbm a2200000 4500 | ||
|---|---|---|---|
| 001 | 0189652 | ||
| 005 | 20170201092833.8 | ||
| 041 | 0 | |a slo | |
| 044 | |a SK | ||
| 245 | 1 | 0 | |a Finančné zdroje podniku a špecifické faktory pôsobiace na finančnú a kapitálovú štruktúru |b bakalárska práca |c Mária Kozáková ; školiteľ: Simona Černá |
| 264 | 1 | |a Bratislava |c 2014 | |
| 300 | |a 60 s. | ||
| 100 | 1 | |a Kozáková, Mária, 1991- | |
| 700 | 1 | |a Černá, Simona | |
| 710 | 2 | |a Fakulta podnikového manažmentu EU. Katedra podnikových financií | |